Escatología / (Record n. 29122)

Dettagli MARC
000 -LEADER
fixed length control field 00738nam a2200253 i 4500
003 - CONTROL NUMBER IDENTIFIER
control field IT-RoINE
005 - DATE AND TIME OF LATEST TRANSACTION
control field 20191203085958.0
008 - FIXED-LENGTH DATA ELEMENTS--GENERAL INFORMATION
fixed length control field 071018s2006 sp | r ||| ||spa d
020 ## - INTERNATIONAL STANDARD BOOK NUMBER
International Standard Book Number 9788498400083
020 ## - INTERNATIONAL STANDARD BOOK NUMBER
International Standard Book Number 8498400082
040 ## - CATALOGING SOURCE
Original cataloging agency SpMaBN
Transcribing agency SpMaBN IT-RoINE
Modifying agency IT-RoINE
100 1# - MAIN ENTRY--PERSONAL NAME
Personal name Sayés, José Antonio,
Dates associated with a name 1944-
9 (RLIN) 2829
245 10 - TITLE STATEMENT
Title Escatología /
Statement of responsibility, etc José Antonio Sayés.
260 ## - PUBLICATION, DISTRIBUTION, ETC. (IMPRINT)
Place of publication, distribution, etc Madrid :
Name of publisher, distributor, etc Palabra,
Date of publication, distribution, etc [2006]
300 ## - PHYSICAL DESCRIPTION
Extent 203 p. ;
Dimensions 24 cm.
336 ## - CONTENT TYPE
Source rdacontent
Content type term text
337 ## - MEDIA TYPE
Source rdamedia
Media type term unmediated
338 ## - CARRIER TYPE
Source rdacarrier
Carrier type term volume
490 1# - SERIES STATEMENT
Series statement Pelícano
504 ## - BIBLIOGRAPHY, ETC. NOTE
Bibliography, etc Incluye referencias bibliográficas en nota.
650 #4 - SUBJECT ADDED ENTRY--TOPICAL TERM
9 (RLIN) 1767
Topical term or geographic name as entry element Escatología
830 #0 - SERIES ADDED ENTRY--UNIFORM TITLE
Uniform title Pelícano (Palabra)
9 (RLIN) 3763
942 ## - ADDED ENTRY ELEMENTS (KOHA)
Item type Monografías
Dati di copia
Withdrawn status Lost status Damaged status Not for loan Home library Current library Date acquired Total Checkouts Full call number Barcode Date last seen Price effective from Koha item type
        Iglesia Nacional Española en Roma Iglesia Nacional Española en Roma 13/02/2019   NOVALÍN 1588 NOV-1740 13/02/2019 13/02/2019 Monografías